| 000 | 00803nam a2200217 a 4500 | ||
|---|---|---|---|
| 003 | 0 | ||
| 005 | 20250227083506.0 | ||
| 008 | 100819s19uu xx 00 eng d | ||
| 050 |
_aPGS BF 723.F68 _b.K49 2010 |
||
| 100 | _aKim, Yea Jin. | ||
| 245 |
_aQuality of friendship among lower school students / _cYea Jin Kim. |
||
| 260 |
_aLas PiƱas City, Philippines : _bSouthville International School and Colleges, _c2010. |
||
| 300 |
_a17 pages : _billustrations ; _c28 cm. |
||
| 504 | _aIncludes bibliographical references. | ||
| 650 | _aFriendship in children. | ||
| 650 | _aPeer relationships in elementary school students . | ||
| 650 | _aInterpersonal relations in children. | ||
| 650 | _aSocial development in children. | ||
| 650 | _aEmotional well-being and friendships. | ||
| 942 |
_2lcc _cPASS |
||
| 999 |
_c98387 _d98387 |
||